[Event "Liege Soultanbeieff op"]
[Site "Liege"]
[Date "2012.01.27"]
[Round "1"]
[White "Giordano, Francesco"]
[Black "Aydogdu, Hakan"]
[Result "0-1"]
[WhiteElo "1770"]
[BlackElo "1273"]
[PlyCount "96"]
[EventDate "2012.01.27"]
[EventType "swiss"]
[EventRounds "9"]
[EventCountry "BEL"]
[SourceTitle "EXT 2013"]
[Source "ChessBase"]
[SourceDate "2012.11.22"]
[SourceVersion "1"]
[SourceVersionDate "2012.11.22"]
[SourceQuality "1"]

1. e4 c5 2. d3 d6 3. g3 Nf6 4. Nc3 Nc6 5. Bg2 e5 6. f4 a6 7. f5 b5 8. Nf3 Bb7 9. 0-0 b4 10. Ne2 Be7 11. h3 Qc7 12. c3 a5 13. g4 h6 14. Ng3 d5 15. Qe1 dxe4 16. dxe4 c4 17. Bd2 Na7 18. cxb4 axb4 19. g5 hxg5 20. Bxg5 Ba6 21. Kh1 c3 22. Rf2 Bc5 23. Rc2 Bd3 24. Qc1 Bxc2 25. Qxc2 Nb5 26. bxc3 bxc3 27. Ne1 Bd4 28. Ne2 Ng4 29. Nf3 f6 30. Bh4 Ne3 31. Qd3 Qc4 32. Qxc4 Nxc4 33. Nexd4 exd4 34. Bf1 Nca3 35. Bd3 Ra4 36. Kh2 Rb4 37. Bf2 Ke7 38. Be1 Rb2+ 39. Kg3 Rc8 40. Kf4 Nc2 41. Bxc2 Rxc2 42. a4 Ra8 43. e5 d3 44. Ke3 d2 45. Bxd2 cxd2 46. Nxd2 fxe5 47. Nf1 Nd6 48. Ng3 Kf6 0-1